[Event "Eivissa City-chT"]
[Site "Eivissa"]
[Date "2015.04.11"]
[Round "5.3"]
[White "Prieto Planells, Pedro"]
[Black "Vidal Torres, Roberto"]
[Result "1-0"]
[WhiteElo "1854"]
[BlackElo "1656"]
[PlyCount "41"]
[EventDate "2015.03.07"]
[EventType "team-tourn"]
[EventRounds "5"]
[EventCountry "ESP"]
[SourceTitle "EXT 2016"]
[Source "ChessBase"]
[SourceDate "2015.10.08"]
[SourceVersion "1"]
[SourceVersionDate "2015.10.08"]
[SourceQuality "1"]
[WhiteTeam "Puig den Valls"]
[BlackTeam "Yebisah"]
[WhiteTeamCountry "ESP"]
[BlackTeamCountry "ESP"]

1. e4 e5 2. f4 d6 3. Nc3 Nf6 4. Nf3 Nc6 5. Bb5 exf4 6. 0-0 Bg4 7. d4 a6 8. Bxc6+ bxc6 9. Bxf4 Rb8 10. Qd3 Qc8 11. Rad1 Be7 12. e5 Bf5 13. Qe2 Ng8 14. exd6 cxd6 15. Bxd6 Rb7 16. Qxa6 Rxb2 17. Qa3 Rb7 18. Ng5 Be6 19. Nxe6 fxe6 20. Ne4 Qd7 21. Qa8+ 1-0